00790cam a22002171 4500001001300000003000400013005001700017008004100034010001700075035002000092040004300112050001800155100005200173245014700225260001700372300002300389490005900412650004600471651003800517999001700555sd 20000018 DLC20260227112732.0860902s1917 ne 000 0 ger c asd 20000018  a(OCoLC)14171182 aLibrary, U.S. Dept. of StatecDGWdDLC00aJX1961.U6bF71 aFried, Alfred H.q(Alfred Hermann),d1864-1921.14aDie bestrebungen der Vereinigten Staaten für ausbau und festigung einer zwischenstaatlichen ordnung (1794-1917)cvon dr. Alfred H. Fried ... aHaag,c1917. a52, [4] p.c22 cm.0 aNederlandsche Anti-oorlog raad. Capita selecta,vno. 2 0aArbitration (International law)xHistory. 0aUnited StatesxForeign relations. c89768d89768